000 00514nam a2200169 4500
001 125967
003 ES-MaACL
007 t|
008 070214s1974 sp r ||||1| spa d
100 1 _aRead, Piers Paul.
_995670
245 1 1 _a¡Viven!
_b: la tragedia de los Andes /
_cPiers Paul Read ; traducción de Arturo Sánchez.
250 _a13ª. ed.
260 _aBarcelona :
_bNoguer,
_c1974.
300 _a335 p., 8 lám. ;
_c22 cm.
700 1 _aSánchez, Arturo.
_9102343
852 _aES-MaACL
_jE-6076
_bR.90254
999 _c125967
_d125967